Dzielnice Trójmiasta - nagła śmierć - Statystyki

Ogólne statystyki
  • Ten quiz został rozwiązany 126 razy
  • Średni wynik to 7 z 36
Answers on the Grid
Answers color-coded by a green-red scale on the quiz's grid according to % correct below.
Cisowa
Grabówek
Chylonia
Obłuże
Oksywie
Śródmieście
Redłowo
Witomino
Karwiny
Wielki Kack
Orłowo
Kamienny Potok
Brodwino
Świemirowo
Górny Sopot
Karlikowo
Dolny Sopot
Oliwa
Matarnia
Wrzeszcz Górny
Nowy Port
Brzeźno
Zaspa-Młyniec
Chełm
Piecki-Migowo
Suchanino
Jasień
Rudniki
Stogi
Wyspa Sobieszewska
Letnica
Aniołki
Strzyża
Działki Leśne
Chwarzno-Wiczlino
Brętowo
Janowo
Kolbudy
Pustki Chylońskie
Sobieszewo
Bielany
Rembertów
Szwabowo
Zagórze
Szmelta
Biała Rzeka
Betlejem
Kosakowo
Chwaszczyno
Średni Kack
Port
Wyścigi
Grabówkowo
Olszynki
Przymorze Średnie
Zaspa-Zostaje
 
Statystyki odpowiedzi
Odpowiedź % Poprawnych
Redłowo
40%
Orłowo
38%
Brzeźno
33%
Chylonia
33%
Nowy Port
33%
Oliwa
33%
Cisowa
28%
Piecki-Migowo
28%
Śródmieście
28%
Chełm
25%
Stogi
25%
Zaspa-Młyniec
25%
Grabówek
23%
Jasień
23%
Kamienny Potok
23%
Oksywie
23%
Wyspa Sobieszewska
23%
Brętowo
20%
Chwarzno-Wiczlino
20%
Górny Sopot
20%
Matarnia
20%
Wielki Kack
20%
Wrzeszcz Górny
20%
Karwiny
18%
Strzyża
18%
Suchanino
18%
Aniołki
15%
Obłuże
15%
Witomino
15%
Letnica
13%
Dolny Sopot
10%
Rudniki
10%
Działki Leśne
5%
Karlikowo
5%
Świemirowo
5%
Brodwino
3%
Nie znaleziono quizów pasujących do podanych kryteriów
Rozkład punktacji
Procent ludzi z każdym wynikiem
Percentyl według liczby udzielonych odpowiedzi
Twoja historia wyników
Nie rozwiązałeś tego quizu